000 00696nam a22002297a 4500
003 DO-SdBNP
005 20211019150308.0
008 210319b 2020 dr ac 00| 0 eng d
020 _a9788698474692
040 _aDO-SdBNP
_bspa
_cBNPHU
082 4 _bR173en
_222
100 1 _aRamírez, Joaquín Alberto
_977913
245 1 0 _aEngels :
_bel polímata /
_cJoaquín Alberto Ramírez
260 _aSanto Domingo :
_b[s. n.],
_c2020.
300 _a41 p. :
_bil, rerst. ;
_c28 cm.
490 1 _aFortalecimiento Institucional
504 _aBibliografía : p. 41
590 _aInventariado, 2021 /LP
830 0 _aFortalecimiento Institucional
_978185
910 _aLopérez
942 _2ddc
_cLBS1
999 _c49631
_d49631